| 000 | 00902nam a2200253Ia 4500 | ||
|---|---|---|---|
| 003 | GCL | ||
| 008 | 140319s9999 xx 000 0 ara d | ||
| 040 |
_aGCL / _cGCL |
||
| 082 | 0 | 4 |
_a371.335 _bم ا |
| 100 | 1 | _aمحمد محمود مندورة | |
| 245 | 1 | 0 |
_aادخال مقرر الثقافة فى مراحل التعليم العام بدول الخليج العربية / _cمحمد محمود مندورة |
| 260 |
_a[S.N] : _bمكتبة التربية العربى لدول الخليج ، _c1992 |
||
| 300 | _a155 ص | ||
| 490 | _a | ||
| 650 | 0 | 4 | _aطرق التدريس |
| 650 | 0 | 4 | _aالتعليم |
| 650 | 0 | 4 | _aالمناهج |
| 650 | 0 | 4 | _aالحاسبات الالكترونية |
| 650 | 0 | 4 | _aالتعليم الثانوى |
| 650 | 0 | 4 | _aالدول العربية |
| 650 | 0 | 4 | _aالتعليم الابتدائى |
| 650 | 0 | 4 | _aالتعليم الاعدادى |
| 942 |
_2ddc _cBK |
||
| 999 |
_c32618 _d32618 |
||